000
00325nam a2200121Ia 4500
008
220216s9999 xx 000 0 und d
100
_a
Schurer H
245
0
_a
Vicente cervantes and the Spanish contribution to early rubber science
260
_b
Planter
_c
1956
300
_a
251-257
650
_a
Rubber science
942
_c
JS
999
_c
72165
_d
72165